| 000 | 01076nam a2200325 a 4500 | ||
|---|---|---|---|
| 001 | 70430 | ||
| 003 | BD-RjUL | ||
| 005 | 20211209082010.0 | ||
| 008 | 170317s1973 caua b 001 0 eng | ||
| 020 | _a0875891845 | ||
| 035 | _a(BD-RjUL)70644 | ||
| 035 | _aGLIS00495252 | ||
| 040 |
_aDLC _cDLC _dRCD _dBD-RjUL _beng |
||
| 041 | _aeng | ||
| 082 |
_223 _a301.0727 _bLII 1973 |
||
| 100 | 1 |
_aLindsey, James K. _9208512 |
|
| 245 | 1 | 0 |
_aInferences from sociological survey data--a unified approach / _cJ. K. Lindsey. |
| 260 |
_aSan Francisco, _bJossey-Bass, _c1973. |
||
| 300 |
_axii, 163 p. : _bill. ; _c24 cm. |
||
| 490 | 1 | _aProgress in mathematical social sciences | |
| 490 | 1 | _aJossey-Bass/Elsevier international series | |
| 504 | _aBibliography: p. 157-159. | ||
| 650 | 0 |
_aSociology _xStatistical methods. _9208513 |
|
| 650 | 0 |
_aSocial surveys. _9208514 |
|
| 650 | 0 |
_aProbabilities. _9208515 |
|
| 830 | 0 |
_aProgress in mathematical social sciences. _9209095 |
|
| 830 | 0 |
_aJossey-Bass/Elsevier international series. _9209096 |
|
| 942 |
_2ddc _cBK |
||
| 949 |
_aMYGD _aMYGR |
||
| 999 |
_c70430 _d70430 |
||